Formel 1 - Gruppen #3 - Statistiken

Allgemein
  • Dieses Quiz wurde 148 mal gespielt
  • Das Durchschnittsergebnis liegt bei 18 aus 43
Antwortstatistiken
% Korrekt
Max Verstappen (18J 07M)
97%
Sebastian Vettel (21J 02M)
93%
Mercedes (1997-)
88%
Lewis Hamilton (22J 05M)
86%
Aston Martin (2021-)
84%
Aston Martin - 9
84%
Fernando Alonso(22J 00M)
78%
Niederlande (Verstappen)
69%
Zandvoort (Niederlande)- 100
69%
Monaco - 105
54%
Argentinien (Fangio)
53%
Buenos Aires (Argentinien)- 100
53%
Spanien (Alonso)
52%
Watkins Glen (USA) - 110
50%
Juan Manuel Fangio(46J 01M)
48%
Frankreich (Prost)
46%
Zeltweg (Österreich)- 105
45%
Kanada (Villeneuve)
43%
Südafrika (Scheckter)
43%
Sauber - 10
40%
Renault (1996)
39%
Neuseeland (Hulme)
38%
Charles Leclerc (21J 10M)
37%
Bernd Mayländer
35%
Bruce McLaren (22J 02M)
34%
Porsche (1973, 1976, 1995)
31%
Force India - 6
30%
Ford (1992)
26%
Giuseppe Farina(46J 09M)
25%
Honda (1994)
23%
Opel (1994)
23%
Graham Hill (40J 03M)
21%
Silverstone (Großbritannien)- 101
20%
Toyota - 13
19%
BAR - 15
17%
Nigel Mansell (41J 03M)
17%
Fiat (1993)
13%
Jack Brabham (43J 11M)
13%
Lamborghini (1981-1983)
13%
Arrows - 8
4%
Luigi Fagioli (53J 00M)
4%
Piero Taruffi (45J 07M)
4%
Maurice Trintignant (40J 06M)
3%
Keine übereinstimmenden Quizze gefunden
Verteilung der Resultate
Anzahl Personen mit jedem Resultat
Perzentil nach korrekt beantworteten Fragen
Ihre Resultats-Entwicklung
Sie haben dieses Quiz noch nicht gespielt